Library Banner

The corporate conscience / (Record no. 114514)

MARC details
000 -LEADER
fixed length control field 00533cam a2200181 i 4500
001 - CONTROL NUMBER
control field 4095318
005 - DATE AND TIME OF LATEST TRANSACTION
control field 20191107101934.0
008 - FIXED-LENGTH DATA ELEMENTS--GENERAL INFORMATION
fixed length control field 750225s1974 nyu b 001 0 eng
020 ## - INTERNATIONAL STANDARD BOOK NUMBER
International Standard Book Number 9788190815567
040 ## - CATALOGING SOURCE
Transcribing agency PK-LaUMT
082 00 - DEWEY DECIMAL CLASSIFICATION NUMBER
Classification number 658.4083
Item number AFS-C
100 1# - MAIN ENTRY--PERSONAL NAME
Personal name Afshan ahmed
245 14 - TITLE STATEMENT
Title The corporate conscience /
Statement of responsibility, etc by Afshan Ahmed and Iftikhar; edited by Shafqat Munir
260 ## - PUBLICATION, DISTRIBUTION, ETC. (IMPRINT)
Place of publication, distribution, etc Kammanahalli :
Name of publisher, distributor, etc Prakruthi,
Date of publication, distribution, etc 2011
300 ## - PHYSICAL DESCRIPTION
Extent 144 p. ;
Dimensions 25 cm.
650 #0 - SUBJECT ADDED ENTRY--TOPICAL TERM
Topical term or geographic name as entry element Industries
General subdivision Social aspects
Geographic subdivision United States.
942 ## - ADDED ENTRY ELEMENTS (KOHA)
Koha item type Books
Holdings
Withdrawn status Lost status Damaged status Home library Current library Date acquired Full call number Barcode Date last seen Price effective from Koha item type
      UMT Main Campus UMT Main Campus 2019-11-07 658.4083 AFS-C 132309 2019-11-07 2019-11-07 Books